[Event "5th Lanzarote chess tournament"]
[Site "Arrecife ESP"]
[Date "1977.05.30"]
[Round "1"]
[White "Adorjan, Andras"]
[Black "Garcia Conesa, Gregorio"]
[Result "1-0"]
[WhiteElo "2530"]
[BlackElo "2340"]
[EventDate "1977.05.30"]
[PlyCount "45"]

1. e4 e6 2. d4 d5 3. Nc3 Bb4 4. e5 c5 5. a3 Bxc3+ 6. bxc3 Ne7 7. a4 Nbc6 8. Nf3
Qa5 9. Bd2 Qc7 10. Be2 O-O 11. O-O b6 12. Re1 Bb7 13. Qc1 c4 14. Ng5 Bc8 15.
Bg4 Nf5 16. Nh3 Nce7 17. Nf4 Qd8 18. Nh5 Ng6 19. Bxf5 exf5 20. Bg5 $1 f6 21.
exf6 gxf6 22. Bxf6 Qd6 23. Qh6 {[Fuente: Rodriguez, Orestes. Resea y
seleccin de partidas del V Torneo Internacional de Lanzarote. Revista AJEDREZ
6000. (01-07-1977, nmero 72, pginas 250-258). Publicacin editada por la
Caja Insular de Ahorros de Gran Canaria. Las Palmas de Gran Canaria, Espaa. ]}
1-0

[Event "5th Lanzarote chess tournament"]
[Site "Arrecife ESP"]
[Date "1977.05.30"]
[Round "1"]
[White "Garcia Padron, Jose"]
[Black "Fraguela Gil, Jose Miguel"]
[Result "1-0"]
[WhiteElo "2425"]
[BlackElo "2310"]
[EventDate "1977.05.30"]
[PlyCount "79"]

1. c4 Nf6 2. Nc3 c5 3. Nf3 e6 4. g3 b6 5. Bg2 Bb7 6. O-O a6 7. d4 cxd4 8. Qxd4
d6 9. Rd1 Nbd7 10. Ng5 Bxg2 11. Kxg2 Rc8 12. Nge4 Rc6 13. b3 Be7 14. Ba3 Qa8
15. f3 Nc5 16. Nf2 O-O 17. Bb2 Rb8 18. Nce4 b5 19. Nxc5 Rxc5 20. Rac1 bxc4 21.
Rxc4 Rxc4 22. Qxc4 Nd5 23. Qe4 a5 24. Rd3 Rb4 25. Rd4 Bf6 26. Rxb4 axb4 27.
Bxf6 gxf6 28. Qd4 Qxa2 29. e4 Nc3 30. Kh3 Nb5 31. Qb6 Qb2 32. Qd8+ Kg7 33. Ng4
Qd4 34. e5 $1 fxe5 35. Nf6 e4 36. Nh5+ Kg6 37. f4 f6 38. Qg8+ Kh6 39. Qg7+ Kxh5
40. Qxh7# {[Fuente: Rodriguez, Orestes. Resea y seleccin de partidas del V
Torneo Internacional de Lanzarote. Revista AJEDREZ 6000. (01-07-1977, nmero
72, pginas 250-258). Publicacin editada por la Caja Insular de Ahorros de
Gran Canaria. Las Palmas de Gran Canaria, Espaa. ]} 1-0

[Event "5th Lanzarote chess tournament"]
[Site "Arrecife ESP"]
[Date "1977.05.30"]
[Round "1"]
[White "Miles, Anthony John"]
[Black "Tatai, Stefano"]
[Result "1/2-1/2"]
[WhiteElo "2555"]
[BlackElo "2480"]
[EventDate "1977.05.30"]
[PlyCount "72"]

1. c4 g6 2. Nc3 Bg7 3. d4 c5 4. e3 Nf6 5. Nf3 O-O 6. Be2 cxd4 7. exd4 d5 8. O-O
Nc6 9. Re1 Bf5 10. Be3 dxc4 11. Bxc4 Rc8 12. Rc1 Nb4 13. Qb3 Rxc4 14. Qxc4 Nd3
15. Nh4 Nxe1 16. Nxf5 gxf5 17. Rxe1 Ng4 18. d5 Nxe3 19. Rxe3 Qb6 20. Nd1 Qd6
21. Rb3 b6 22. Ne3 f4 23. Nf5 Qe5 24. Nxg7 Kxg7 25. g3 Rd8 26. Rb5 fxg3 27.
hxg3 Rd6 28. a4 Qh5 29. Qc3+ f6 30. Qd4 a6 31. Qe3 Kf7 32. Rxb6 Qd1+ 33. Kh2
Qh5+ 34. Kg1 Qd1+ 35. Kh2 Qh5+ 36. Kg1 Qd1+ {[Fuente: Rodriguez, Orestes.
Resea y seleccin de partidas del V Torneo Internacional de Lanzarote.
Revista AJEDREZ 6000. (01-07-1977, nmero 72, pginas 250-258). Publicacin
editada por la Caja Insular de Ahorros de Gran Canaria. Las Palmas de Gran
Canaria, Espaa. ]} 1/2-1/2

[Event "5th Lanzarote chess tournament"]
[Site "Arrecife ESP"]
[Date "1977.05.31"]
[Round "2"]
[White "Bellon Lopez, Juan Manuel"]
[Black "Browne, Walter Shawn"]
[Result "0-1"]
[WhiteElo "2415"]
[BlackElo "2545"]
[EventDate "1977.05.30"]
[PlyCount "108"]

1. Nf3 Nf6 2. d4 g6 3. Bg5 Bg7 4. Nbd2 d6 5. c3 h6 6. Bh4 Nbd7 7. e3 e5 8. Bd3
Qe7 9. Bc2 O-O 10. Qe2 d5 11. dxe5 Nxe5 12. Nxe5 Qxe5 13. Nf3 Qe7 14. Rd1 c6
15. O-O g5 16. Bg3 Ne4 17. Bxe4 dxe4 18. Nd2 f5 19. f3 exf3 20. Qxf3 Be6 21.
Nb3 Bd5 22. Qf2 Rf7 23. Nd4 Qe4 24. Rfe1 Raf8 25. b3 Qe7 26. Nb5 cxb5 27. Rxd5
Bxc3 28. Red1 Qe4 29. Qe2 f4 30. Qg4 Rf5 31. Rd6 h5 32. Qxh5 fxg3 33. hxg3 Bg7
34. Rg6 Qxe3+ 35. Kh2 Rf1 36. Rd5 Qg1+ 37. Kh3 Qh1+ 38. Kg4 Qxh5+ 39. Kxh5 R1f5
40. Rxg5 Rxd5 41. Rxd5 a6 42. Rd2 Rf5+ 43. Kg6 Rf6+ 44. Kh5 Rf5+ 45. Kg6 Rf6+
46. Kh5 Kf8 47. g4 Rh6+ 48. Kg5 Ke7 49. Rd3 Re6 50. Rf3 Bd4 51. a3 Re2 52. Kg6
Rxg2 53. g5 Ke6 54. Rf8 Rg3 {[Fuente: Rodriguez, Orestes. Resea y seleccin
de partidas del V Torneo Internacional de Lanzarote. Revista AJEDREZ 6000. 
(01-07-1977, nmero 72, pginas 250-258). Publicacin editada por la Caja
Insular de Ahorros de Gran Canaria. Las Palmas de Gran Canaria, Espaa. ]} 0-1

[Event "5th Lanzarote chess tournament"]
[Site "Arrecife ESP"]
[Date "1977.05.31"]
[Round "2"]
[White "Fraguela Gil, Jose Miguel"]
[Black "Miles, Anthony John"]
[Result "1/2-1/2"]
[WhiteElo "2310"]
[BlackElo "2555"]
[EventDate "1977.05.30"]
[PlyCount "63"]

1. d4 Nf6 2. c4 c5 3. d5 b5 4. cxb5 a6 5. bxa6 g6 6. Nc3 Bxa6 7. Nf3 d6 8. e4
Bxf1 9. Kxf1 Bg7 10. g3 Nbd7 11. Kg2 O-O 12. h3 Qa5 13. Re1 Rfb8 14. e5 dxe5
15. Nxe5 Nxe5 16. Rxe5 Qc7 17. Re2 Qb7 18. Be3 e6 19. Kh2 Nxd5 20. Nxd5 Rd8 21.
Rd2 Rxd5 22. Rxd5 exd5 23. Bxc5 Bxb2 24. Rb1 Qc6 25. Rxb2 Qxc5 26. Rc2 Qa5 27.
Qd4 h5 28. h4 Kh7 29. Rd2 Rc8 30. Qxd5 Qxd5 31. Rxd5 Rc2 32. Kg2 {[Fuente:
Rodriguez, Orestes. Resea y seleccin de partidas del V Torneo Internacional
de Lanzarote. Revista AJEDREZ 6000. (01-07-1977, nmero 72, pginas 250-258).
Publicacin editada por la Caja Insular de Ahorros de Gran Canaria. Las Palmas
de Gran Canaria, Espaa. ]} 1/2-1/2

[Event "5th Lanzarote chess tournament"]
[Site "Arrecife ESP"]
[Date "1977.05.31"]
[Round "2"]
[White "Garcia Conesa, Gregorio"]
[Black "Garcia Padron, Jose"]
[Result "1-0"]
[WhiteElo "2340"]
[BlackElo "2425"]
[EventDate "1977.05.30"]
[PlyCount "75"]

1. d4 Nf6 2. Bg5 c5 3. d5 Ne4 4. Bf4 Qb6 5. Qc1 g6 6. f3 Nf6 7. c3 Bg7 8. e4
O-O 9. Na3 d6 10. Nc4 Qd8 11. a4 Nbd7 12. Bh6 Re8 13. Bxg7 Kxg7 14. Ne2 Nf8 15.
Qd2 Bd7 16. g4 Bxa4 17. Ng3 Bd7 18. h4 b5 19. Ne3 e6 20. g5 exd5 21. gxf6+ Qxf6
22. Nxd5 Qxf3 23. Qg2 Qg4 24. Kd2 Bc6 25. Be2 Qe6 26. Nc7 Qb3 27. Nxe8+ Rxe8
28. Kc1 b4 29. Bd1 Qc4 30. Nf5+ Kh8 31. Nxd6 Qd3 32. Nxe8 bxc3 33. Rh3 Qd8 34.
Rxc3 Qxe8 35. Rxa7 Ne6 36. Qf2 Kg8 37. Bc2 Nd4 38. Rxc5 {[Fuente: partida
Garca Conesa - Garca Padrn del Torneo Internacional de Lanzarote 1977.
Artculo "V Torneig Internacional Illa de Lanzarote". Butllet d'Escacs F.C.
d'E. (Ao II, Noviembre 1977, nmero 9, partida 412, pgina 43 (263)).
Publicacin editada por la Federacin Catalana de Ajedrez. Barcelona, Espaa. ]
} 1-0

[Event "5th Lanzarote chess tournament"]
[Site "Arrecife ESP"]
[Date "1977.05.31"]
[Round "2"]
[White "Rodriguez Vargas, Orestes"]
[Black "Tatai, Stefano"]
[Result "1-0"]
[WhiteElo "2450"]
[BlackElo "2480"]
[EventDate "1977.05.30"]
[PlyCount "91"]

1. d4 Nf6 2. c4 e6 3. Nf3 Bb4+ 4. Nc3 c5 5. e3 O-O 6. Bd3 d5 7. O-O Nc6 8. a3
Bxc3 9. bxc3 Qc7 ({Una de las formaciones ms tpicas de la Nimzoindia. Estuvo
de moda en el Torneo de Candidatos de Zurich, 1953. En aquel tiempo se jugaba
as:} 9... dxc4 10. Bxc4 Qc7 {y ahora el blanco elega entre} 11. Bd3 (11. a4)
(11. Bb2 {y la idea de Averbach...})) (9... Qc7 {. Esta transposicin tiene
cierto veneno. Por ejemplo:} 10. Qe2 dxc4 11. Bxc4 e5 12. d5 e4 $1 13. dxc6 Bg4
{con ventaja.} ({o} 13... Ng4 {con ventaja.})) 10. Re1 {[Patente Averbach. Su
inocuidad es slo aparente. ]} dxc4 11. Bxc4 e5 12. d5 {[He aqu la mdula de
la idea. Ahora es factible responder a 12...Td8 con 13.e4, consolidando un
poderoso centro. ]} e4 $6 ({Si} 12... Rd8 13. e4 {, consolidando un poderoso
centro.}) 13. dxc6 exf3 14. Qxf3 Bg4 15. Qg3 Qxc6 16. e4 Be6 $6 ({Dudoso.
Probablemente es mejor} 16... Bh5 {.}) 17. Bd3 c4 18. Bc2 Kh8 19. f4 Rae8 20.
f5 Bc8 21. e5 {[La ventaja de espacio y la pareja de alfiles confieren al
blanco un ataque que parece que se jugara automticamente .... o parece, lo
real es que consum poco ms de una hora para realizar mis dos ltimas jugadas.
]} Nd7 22. f6 {[Yo ahora comienzo a sufrir por el reloj, mientras mi oponente
juega holgado de tiempo. ]} g6 $8 ({Si} 22... gxf6 $2 23. Qh4 {;}) ({y} 22...
Rg8 23. Bxh7 {, llevan al desastre inmediato.}) 23. Bh6 Rg8 24. Kh1 Nc5 ({Si} 
24... Qc7 25. e6 {decide.}) 25. Rad1 b6 26. Rd4 Qe6 27. Rh4 {[Con la idea de
sacrificar en h7. Un mate muy tpico. ]} Nd3 28. Bg7+ $2 ({Agobiado por el
tiempo no alcanzo a ver que luego de} 28. Bxd3 cxd3 {, puedo intercalar} 29.
Bg5 {(que obliga al avance del pen "h")} h6 30. Bd2 {(Amenaza 31.Dg5. )} Qf5
31. Qe3 {, ganando, pues ahora no es posible la defensa con} g5 {.}) 28... Rxg7
29. fxg7+ Kxg7 30. Bxd3 cxd3 31. Qxd3 Qe7 32. Qd4 Rd8 33. Qf2 Bf5 34. Rd4 Rc8
35. Qe3 Qxa3 36. Qg5 Rc6 37. Rh4 Qxc3 38. Qh6+ Kg8 39. Qxh7+ Kf8 40. Qh6+ {
[!Al fin la jugada del control! El resto es forzado. ]} Ke8 41. Rd1 Qxe5 42.
Qd2 Qc7 43. Qg5 Kf8 ({Intil sera} 43... Rd6 {por} 44. Rh8+ {, seguido de 45.
Td8+, etc.}) 44. Rd8+ Kg7 45. Rh7+ {[ Comentarios: IM Orestes Rodrguez. 
(AJEDREZ 6000 nmero 72). || Fuente: Rodriguez, Orestes. Resea y seleccin de
partidas del V Torneo Internacional de Lanzarote. Revista AJEDREZ 6000. 
(01-07-1977, nmero 72, pginas 250-258). Publicacin editada por la Caja
Insular de Ahorros de Gran Canaria. Las Palmas de Gran Canaria, Espaa. ]} 1-0

[Event "5th Lanzarote chess tournament"]
[Site "Arrecife ESP"]
[Date "1977.06.01"]
[Round "3"]
[White "Adorjan, Andras"]
[Black "Bellon Lopez, Juan Manuel"]
[Result "1-0"]
[WhiteElo "2530"]
[BlackElo "2415"]
[EventDate "1977.05.30"]
[PlyCount "56"]

{Inf 24/255} 1. e4 e5 2. Nf3 d6 3. d4 exd4 4. Qxd4 $5 Nc6 5. Bb5 Bd7 6. Bxc6
bxc6 $6 (6... Bxc6) 7. Nc3 f6 8. Be3 g6 (8... Ne7 9. O-O-O Ng6 10. h4 h5 11.
Ne2 $16) 9. Qd2 Bg7 10. O-O-O Qb8 (10... Ne7 11. Bh6 O-O 12. Bxg7 Kxg7 13. e5
$1 dxe5 14. Nxe5 $16) 11. Rhe1 Qb7 $2 (11... Bg4 12. h3 Bxf3 13. gxf3 $16) 12.
e5 $3 fxe5 13. Nxe5 Be6 $2 (13... Bxe5 14. Bd4 Nf6 (14... O-O-O 15. Rxe5 $1 $18
) 15. Bxe5 O-O (15... dxe5 16. Rxe5+ Kf7 17. Ne4 Bf5 18. Nxf6 Kxf6 19. Qc3 Kf7
20. Rxf5+ $1 $18) 16. Bxf6 Rxf6 17. Re7 Rf7 18. Rxf7 Kxf7 19. Qh6 Kg8 20. Ne4
Rf8 21. Ng5 $18) (13... Nf6 14. Nxd7 Kxd7 15. Bh6 $18) 14. Nf3 $1 Kd7 15. Bd4
Nf6 16. Na4 $1 Bd5 17. c4 Bxf3 (17... Qa6 18. b3) 18. Bxf6 (18. Nc5+ $1) 18...
Kc8 19. Bxg7 Bxd1 20. Qxd1 Rg8 21. Qg4+ Kb8 22. Re3 {[Comentarios: Andras
Adorjan. (INF24/255). || Fuente: CHESS INFORMATOR.  (1978, tomo 24, item 255).
Partida comentada A Adorjan vs. JM Bellon del TI Lanzarote 1977. Editorial
Sahovski Informator, Belgrado, Yugoslavia. ]} 1-0

[Event "5th Lanzarote chess tournament"]
[Site "Arrecife ESP"]
[Date "1977.06.01"]
[Round "3"]
[White "Garcia Padron, Jose"]
[Black "Betancort Curbelo, Juan Rafael"]
[Result "0-1"]
[WhiteElo "2425"]
[BlackElo "2355"]
[EventDate "1977.05.30"]
[PlyCount "90"]

1. c4 e5 2. Nc3 Nc6 3. g3 Nf6 4. Bg2 g6 5. Nf3 Bg7 6. O-O O-O 7. d3 d6 8. Rb1
a5 9. a3 Bd7 10. b4 axb4 11. axb4 Qc8 12. b5 Nd4 13. Nxd4 exd4 14. Nd5 Nxd5 15.
Bxd5 Be6 16. Bf3 h5 17. Bg5 Bg4 18. Be4 Re8 19. Re1 Kh7 20. Ra1 Rxa1 21. Qxa1
f5 22. Bf3 Bxf3 23. exf3 Kg8 24. Kf1 Kf7 25. Rc1 b6 26. Rc2 Qa8 27. Qd1 Qa4 28.
Qb1 Ra8 29. Re2 Bf8 30. Qe1 Qa1 31. Bc1 Qc3 32. Qxc3 dxc3 33. Rc2 Bg7 34. Ke2
Ke6 35. Bf4 Ra7 36. Be3 d5 37. h3 d4 38. Bg5 Bf6 39. Bf4 g5 40. Bc1 Ra1 41. f4
g4 42. hxg4 fxg4 43. f3 Kf5 44. Kf2 Be7 45. Re2 Rxc1 {[Fuente: Rodriguez,
Orestes. Resea y seleccin de partidas del V Torneo Internacional de
Lanzarote. Revista AJEDREZ 6000. (01-07-1977, nmero 72, pginas 250-258).
Publicacin editada por la Caja Insular de Ahorros de Gran Canaria. Las Palmas
de Gran Canaria, Espaa. ]} 0-1

[Event "5th Lanzarote chess tournament"]
[Site "Arrecife ESP"]
[Date "1977.06.02"]
[Round "4"]
[White "Martin Gonzalez, Angel"]
[Black "Adorjan, Andras"]
[Result "0-1"]
[WhiteElo "2340"]
[BlackElo "2530"]
[EventDate "1977.05.30"]
[PlyCount "87"]

{[Inf 25/186]} 1. e4 g6 2. d4 Bg7 3. Nc3 d6 4. f4 Nf6 5. Nf3 O-O 6. Bd3 Nc6 7.
e5 (7. f5 {- 25/(186)}) 7... dxe5 8. fxe5 Nd7 $5 {N} (8... Nd5) (8... Nh5) 9.
Ne4 Nb4 $1 10. Bc4 c5 11. c3 Nc6 12. O-O (12. e6 Nb6 13. exf7+ Kh8 14. Bb3 cxd4
$13) 12... cxd4 13. cxd4 Nb6 14. Be2 $2 (14. Bb3 Bg4 15. Be3 Nd5 16. Bf2) 14...
Bg4 15. Be3 Nd5 16. Bf2 Nf4 17. Bc4 Rc8 $1 $17 18. Bb3 (18. Rc1 Bxf3 19. Qxf3
Nxd4 $1 20. Qxf4 Rxc4 $1 $19) 18... Nxd4 $1 19. Bxd4 Bxf3 20. Qxf3 (20. Rxf3
Qxd4+ $1) 20... Qxd4+ 21. Kh1 Ne6 (21... Bxe5 $6 22. Rad1 Qb6 (22... Qxb2 $2
23. Rf2 Qa3 24. Bxf7+ $18) 23. Ng5 $13) 22. Nc3 Qxe5 $6 (22... Bxe5 $1 23. Qxb7
Qh4) 23. Qxb7 Rc7 24. Qf3 Qf5 25. Qe3 $2 (25. Qxf5 gxf5 26. Rxf5 Nd4 27. Rf2
$15 {_|_}) 25... Qc5 26. Qf3 Bxc3 27. Bxe6 (27. bxc3 Nd8 $1 {, con idea de e6})
27... Bf6 28. Bb3 Kg7 29. Rad1 Qe5 30. Rd2 Rfc8 31. Re2 Qg5 32. Ree1 Rc1 $19
33. Rxc1 Rxc1 34. g3 Qd2 35. Rxc1 Qxc1+ 36. Qd1 Qxd1+ 37. Bxd1 Bxb2 38. Kg2 f5
39. Kf3 e5 40. g4 Kf6 41. h4 e4+ 42. Kf2 Ke5 43. g5 f4 {[Comentarios: IM
Dragoljub Minic y Ervin Sindik. (INF25/186). || Fuente: CHESS INFORMATOR.  
(1978, tomo 25, partida 186). Partida comentada Martin Gonzalez vs. Adorjan
del TI Lanzarote 1977. Editorial Sahovski Informator, Belgrado, Yugoslavia. ]}
0-1

[Event "5th Lanzarote chess tournament"]
[Site "Arrecife ESP"]
[Date "1977.06.02"]
[Round "4"]
[White "Rodriguez Vargas, Orestes"]
[Black "Fraguela Gil, Jose Miguel"]
[Result "1/2-1/2"]
[WhiteElo "2450"]
[BlackElo "2310"]
[EventDate "1977.05.30"]
[PlyCount "75"]

1. d4 Nf6 2. c4 c5 3. Nf3 g6 4. Nc3 Bg7 5. d5 d6 6. g3 O-O 7. Bg2 Na6 8. O-O
Nc7 9. a4 Rb8 10. h3 a6 11. a5 b5 12. axb6 {(ap)} Rxb6 13. Nd2 e6 14. Nb3 exd5
15. cxd5 Nb5 16. Na5 Nxc3 17. bxc3 Re8 18. Nc4 Rb8 19. Bf4 Ne4 20. Bxe4 Rxe4
21. Nxd6 Rxf4 22. Nxc8 Rc4 23. Na7 Qd7 24. Nc6 Qxh3 25. Qd3 Rxc3 26. Qe4 Bd4
27. Nxd4 cxd4 28. Rfd1 Rc4 29. Rxd4 Rxd4 30. Qxd4 Qc8 31. e4 Qb7 32. Rc1 a5 33.
d6 Rc8 34. Rxc8+ Qxc8 35. d7 Qd8 36. Qd5 a4 37. Qc6 Kf8 38. Qc5+ {[Fuente:
Rodriguez, Orestes. Resea y seleccin de partidas del V Torneo Internacional
de Lanzarote. Revista AJEDREZ 6000. (01-07-1977, nmero 72, pginas 250-258).
Publicacin editada por la Caja Insular de Ahorros de Gran Canaria. Las Palmas
de Gran Canaria, Espaa. ]} 1/2-1/2

[Event "5th Lanzarote chess tournament"]
[Site "Arrecife ESP"]
[Date "1977.06.04"]
[Round "5"]
[White "Browne, Walter Shawn"]
[Black "Rodriguez Vargas, Orestes"]
[Result "1/2-1/2"]
[WhiteElo "2545"]
[BlackElo "2450"]
[EventDate "1977.05.30"]
[PlyCount "31"]

1. d4 d5 2. c4 dxc4 3. Nf3 Nf6 4. e3 Bg4 5. Bxc4 e6 6. h3 Bh5 7. Nc3 Nbd7 8.
O-O Bd6 9. Be2 O-O 10. e4 e5 11. dxe5 Nxe5 12. Bg5 Bxf3 13. Bxf3 h6 14. Bf4 c6
15. Kh1 Qe7 16. Be2 {[Fuente: Keating Michael. Seleccin de partidas de
"Lanzarote 1977". Visor y base de ajedrez del sitio web MY CHESS. (2004-2015).
Disponible en la direccin http://db.mychess.com ]} 1/2-1/2

[Event "5th Lanzarote chess tournament"]
[Site "Arrecife ESP"]
[Date "1977.06.04"]
[Round "5"]
[White "Garcia Padron, Jose"]
[Black "Martin Gonzalez, Angel"]
[Result "1-0"]
[WhiteElo "2425"]
[BlackElo "2340"]
[EventDate "1977.05.30"]
[PlyCount "113"]

1. c4 c5 2. Nc3 g6 3. g3 Bg7 4. Bg2 Nc6 5. Nf3 e5 6. O-O Nge7 7. a3 d6 8. Rb1
a5 9. Ne1 Be6 10. d3 O-O 11. Nc2 d5 12. cxd5 Nxd5 13. Ne3 Nde7 14. Nc4 Rb8 15.
Nb5 b6 16. Bg5 f6 17. Bd2 Qd7 18. a4 Rfd8 19. Rc1 Nd5 20. Nc3 Nd4 21. Nxd5 Bxd5
22. Bxd5+ Qxd5 23. e4 Qe6 24. Bc3 f5 25. exf5 gxf5 26. Bxd4 Rxd4 27. Qb3 h5 28.
Rc3 e4 29. dxe4 Rxe4 30. Rc2 h4 31. Qb5 Bd4 32. Nd2 Rg4 33. Qd3 Rd8 34. Kh1 Kg7
35. Nf3 Bf6 36. Qa3 Qe4 37. Rc3 Bxc3 38. Qxc3+ Kg6 39. Kg1 h3 40. Ne5+ Kh5 41.
f3 Qd4+ 42. Kh1 Qxc3 43. fxg4+ fxg4 44. bxc3 Re8 45. Rf5+ Kh6 46. Nxg4+ Kg6 47.
Re5 Rd8 48. Nf2 Rd2 49. Nxh3 Kf6 50. Re4 Kf5 51. Rc4 Ke5 52. Nf4 Kd6 53. h4 Kc6
54. Re4 b5 55. Re6+ Kb7 56. axb5 Rb2 57. h5 {[Fuente: Rodriguez, Orestes.
Resea y seleccin de partidas del V Torneo Internacional de Lanzarote.
Revista AJEDREZ 6000. (01-07-1977, nmero 72, pginas 250-258). Publicacin
editada por la Caja Insular de Ahorros de Gran Canaria. Las Palmas de Gran
Canaria, Espaa. ]} 1-0

[Event "5th Lanzarote chess tournament"]
[Site "Arrecife ESP"]
[Date "1977.06.04"]
[Round "5"]
[White "Tatai, Stefano"]
[Black "Betancort Curbelo, Juan Rafael"]
[Result "1-0"]
[WhiteElo "2480"]
[BlackElo "2355"]
[EventDate "1977.05.30"]
[PlyCount "97"]

1. Nf3 b6 2. g3 Bb7 3. Bg2 Nf6 4. c4 c5 5. O-O e6 6. Nc3 Be7 7. d4 O-O 8. d5
exd5 9. cxd5 d6 10. Nd2 Na6 11. Nc4 Nc7 12. Re1 Rb8 13. a4 Re8 14. e4 Bf8 15.
Bf4 Ba6 16. b3 Bxc4 17. bxc4 Nd7 18. Nb5 Nxb5 19. axb5 Rb7 20. Bd2 g6 21. Bc3
Bg7 22. Qc2 Rc7 23. Bxg7 Kxg7 24. Qc3+ Qf6 25. Qxf6+ Nxf6 26. Ra2 Ree7 27. f4
Ne8 28. Kf2 h6 29. Re3 h5 30. Ke2 Nf6 31. Bf3 Kf8 32. Kd3 Ne8 33. Ra1 Rc8 34.
Re2 Rb8 35. Bg2 Rbb7 36. Bh3 Kg7 37. g4 hxg4 38. Bxg4 Rb8 39. e5 Rbb7 40. h4 f6
41. e6 f5 42. Bf3 Kf6 43. h5 Rg7 44. hxg6 Rxg6 45. Bh5 Rg8 46. Bf7 Rh8 47. Rg1
a5 48. Bxe8 Rxe8 49. Rh2 {[Fuente: Rodriguez, Orestes. Resea y seleccin de
partidas del V Torneo Internacional de Lanzarote. Revista AJEDREZ 6000. 
(01-07-1977, nmero 72, pginas 250-258). Publicacin editada por la Caja
Insular de Ahorros de Gran Canaria. Las Palmas de Gran Canaria, Espaa. ]} 1-0

[Event "5th Lanzarote chess tournament"]
[Site "Arrecife ESP"]
[Date "1977.06.05"]
[Round "6"]
[White "Bellon Lopez, Juan Manuel"]
[Black "Tatai, Stefano"]
[Result "0-1"]
[WhiteElo "2415"]
[BlackElo "2480"]
[EventDate "1977.05.30"]
[PlyCount "56"]

1. e4 e5 2. Nf3 Nc6 3. Nc3 g6 4. d4 exd4 5. Nxd4 Bg7 6. Be3 d6 7. Qd2 Nf6 8. f3
Nxd4 9. Bxd4 c6 10. g4 Be6 11. h4 h6 12. Ne2 c5 13. Be3 Qb6 14. c3 O-O-O 15.
Nf4 Kb8 16. a4 d5 17. a5 Qc6 18. Qh2 Ka8 19. a6 Bc8 20. axb7+ Bxb7 21. Be2 dxe4
22. O-O g5 23. Nh5 Nxh5 24. gxh5 gxh4 25. b4 Bxc3 26. Bxc5 Rhg8+ 27. Kf2 Qxc5+
28. bxc5 e3+ {[Fuente: Rodriguez, Orestes. Resea y seleccin de partidas del
V Torneo Internacional de Lanzarote. Revista AJEDREZ 6000. (01-07-1977, nmero
72, pginas 250-258). Publicacin editada por la Caja Insular de Ahorros de
Gran Canaria. Las Palmas de Gran Canaria, Espaa. ]} 0-1

[Event "5th Lanzarote chess tournament"]
[Site "Arrecife ESP"]
[Date "1977.06.05"]
[Round "6"]
[White "Hernandez Onna, Roman"]
[Black "Garcia Padron, Jose"]
[Result "1-0"]
[WhiteElo "2435"]
[BlackElo "2425"]
[EventDate "1977.05.30"]
[PlyCount "77"]

1. c4 Nf6 2. Nc3 c5 3. Nf3 e6 4. e3 b6 5. d4 cxd4 6. exd4 Bb7 7. a3 Be7 8. d5
exd5 9. cxd5 d6 10. Bc4 O-O 11. O-O Na6 12. Re1 Nc7 13. Nd4 Qd7 14. Qf3 Rae8
15. Nf5 Bd8 16. Bh6 Rxe1+ 17. Rxe1 Re8 18. Rxe8+ Nfxe8 19. Be3 Bf6 20. Bd4 Bxd4
21. Nxd4 Nf6 22. b4 Qe8 23. g3 Qe1+ 24. Kg2 Qc1 25. Nf5 Qxa3 26. Nxd6 Qxb4 27.
Nce4 Nce8 28. Qf4 Nxd6 29. Nxd6 Ba8 30. Qe5 Qc5 31. Qe7 Bxd5+ 32. Kg1 g6 33.
Bxd5 Qxd5 34. Qxf6 Qd1+ 35. Kg2 Qd5+ 36. Kg1 Qd1+ 37. Kg2 Qd4 38. f3 b5 39.
Qd8+ {[Fuente: Rodriguez, Orestes. Resea y seleccin de partidas del V Torneo
Internacional de Lanzarote. Revista AJEDREZ 6000. (01-07-1977, nmero 72,
pginas 250-258). Publicacin editada por la Caja Insular de Ahorros de Gran
Canaria. Las Palmas de Gran Canaria, Espaa. ]} 1-0

[Event "5th Lanzarote chess tournament"]
[Site "Arrecife ESP"]
[Date "1977.06.05"]
[Round "6"]
[White "Martin Gonzalez, Angel"]
[Black "Miles, Anthony John"]
[Result "0-1"]
[WhiteElo "2340"]
[BlackElo "2555"]
[EventDate "1977.05.30"]
[PlyCount "73"]

{[Inf 24/433]} 1. e4 c5 2. Nf3 Nc6 3. d4 cxd4 4. Nxd4 g6 5. Nc3 Bg7 6. Be3 Nf6
7. Bc4 O-O 8. Bb3 d6 9. f3 Bd7 10. g4 $5 Rc8 11. Qd2 Ne5 12. O-O-O Nc4 13. Bxc4
Rxc4 14. h4 Qc7 (14... b5 $5) 15. h5 Rc8 16. hxg6 fxg6 (16... hxg6 $5) 17. Kb1
$14 Qa5 (17... b5 18. Nd5 $1 $16) 18. Nb3 Qe5 19. Bd4 (19. f4 Qe6 $5 (19...
Qxc3 $5 20. bxc3 Nxe4 $11)) 19... Qe6 20. Qh2 Qf7 21. e5 dxe5 22. Bxe5 $16 Be6
23. Nd4 Rxc3 $5 24. Nxe6 $2 (24. bxc3 $1 $16) 24... Rxc2 25. Qxc2 Rxc2 26. Rd8+
Ne8 27. Nxg7 Qxf3 $1 $17 28. Rhd1 (28. Re1 Re2 $1 29. Rxe2 Qf1+ $1 $19) (28.
Rxe8+ Kf7 29. Kxc2 Qxh1 30. Bc3 Qe4+ 31. Kb3 Qxg4 $17) 28... Rc8 $1 $19 (28...
Qe4 $2 29. Rxe8+ Kf7 30. Rf8+ $3 Kxf8 31. Ne6+ {, con idea de Td8, Cg5+-}) 29.
Bc3 (29. Rxc8 Qxd1+ 30. Rc1 Qd3+ {, con idea de Cg7}) (29. Nxe8 Qe4+) 29...
Rxc3 30. Nxe8 Rc8 $1 31. Nf6+ Kf7 32. Nxh7 Rxd8 33. Ng5+ Kf6 34. Nxf3 Rxd1+ 35.
Kc2 Rf1 36. Nd2 Rf2 {[Comentarios: Anthony Miles. (INF24/433). || Fuente:
CHESS INFORMATOR.  (1978, tomo 24, partida 433). Partida comentada A Martin
Gonzalez vs. A Miles del TI Lanzarote 1977. Editorial Sahovski Informator,
Belgrado, Yugoslavia. ]} 0-1